Quaresimale postumo del Padre Quirico Rossi della Compagnia de Gesu', aggiuntevi due Prediche dello steso autore

Detalles Bibliográficos
Autor principal: Rossi, Quirico 1696-1760
Formato: Libro
Lenguaje:Italian
Publicado: Venezia 1764
Materias:
Colección:Banco de datos
Acervo:Biblioteca de la Congregación del Oratorio de San Felipe Neri de México. Iglesia La Profesa
Descripción Física:VIII, 280 p. 4°
Tema general:Homilética
Notas:Portada tipográfica con pleca y monograma de la Sociedad de Jesús en grabado xilográfico. Texto a dos columnas con apostillas marginales. Incluye cabecera de título en grabado xilográfico. Incluye capitulares floreadas en grabado xilográfico. Encuadernación en pergamino sobre cartón. Daños de humedad
LEADER 00935nam a22001810004500
035 |a 1509 
041 0 |a ita 
100 1 |a Rossi, Quirico  |d 1696-1760 
245 1 0 |a Quaresimale postumo del Padre Quirico Rossi della Compagnia de Gesu', aggiuntevi due Prediche dello steso autore 
260 |a Venezia  |b presso Niccolo Pezzana  |c 1764 
300 |a VIII, 280 p.  |c 4° 
500 |a Portada tipográfica con pleca y monograma de la Sociedad de Jesús en grabado xilográfico. Texto a dos columnas con apostillas marginales. Incluye cabecera de título en grabado xilográfico. Incluye capitulares floreadas en grabado xilográfico. Encuadernación en pergamino sobre cartón. Daños de humedad 
504 |a Índice de contenido 
650 1 0 |a Homilética 
949 |a Iglesia La Profesa, Biblioteca 2557 
942 |c PROFESA 
943 |g Biblioteca de la Congregación del Oratorio de San Felipe Neri de México. Iglesia La Profesa 
999 |c 948320  |d 948320